Arrendamientos rústicos (Record no. 26787)

MARC details
000 -LEADER
campo de control de longitud fija 00527nam a2200145 i 4500
001 - NÚMERO DE CONTROL
campo de control 26787
003 - IDENTIFICADOR DE NÚMERO DE CONTROL
campo de control ES-MaACL
007 - CAMPO FIJO DE DESCRIPCIÓN FÍSICA--INFORMACIÓN GENERAL
campo de control de longitud fija t|
008 - DATOS DE LONGITUD FIJA--INFORMACIÓN GENERAL
campo de control de longitud fija 030110s1954 sp ||||1| spa d
245 00 - MENCIÓN DEL TÍTULO
Título Arrendamientos rústicos
Resto del título : contiene la legislación reguladora de la relación arrendaticia, tanto común como especial... /
Mención de responsabilidad, etc. Salvador Bernal Martín... [et al.].
260 ## - PUBLICACIÓN, DISTRIBUCIÓN, ETC.
Lugar de publicación, distribución, etc. [Madrid] :
Nombre del editor, distribuidor, etc. Victoriano Suárez,
Fecha de publicación, distribución, etc. 1954.
300 ## - DESCRIPCIÓN FÍSICA
Extensión 211 p. ;
Dimensiones 17 cm.
700 1# - ENTRADA AGREGADA--NOMBRE PERSONAL
Nombre de persona Bernal Martín, Salvador.
9 (RLIN) 28197
852 ## - LOCALIZACIÓN
Ubicación ES-MaACL
Número de control de estantería C-7424
Sublocalización o colección R.35825
Holdings
Estatus retirado Estado de pérdida Estado de daño No para préstamo Biblioteca de origen Biblioteca actual Ubicación en estantería Fecha de adquisición Fuente de adquisición Total de préstamos Signatura topográfica completa Código de barras Visto por última vez Precio de reemplazo Tipo de ítem Koha
        Biblioteca del Ateneo de Madrid Biblioteca del Ateneo de Madrid Sala Palomar 17/01/2008     C-7424 1027647 23/02/2023 23/02/2023 Libro impreso